000 01311nam a22002417a 4500
003 GR-AtMCL
005 20260115124605.0
006 a|||||r|||||||||||
008 s2006 nyu 001 0 eng d
020 _a9780393925425
040 _aGR-AtMCL
_beng
_dGR-AtMCL
_eAACR2
100 1 _aReisberg, Daniel
_9324
245 1 0 _aCognition :
_bexploring the science of the mind /
_cDaniel Reisberg.
250 _a3rd ed.
260 _aNew York ;
_aLondon :
_bW. W. Norton,
_c2006.
300 _a529, 91 p. :
_bill. ;
_c25 cm.
504 _aIncludes bibliographical references and indexes.
520 _aNow in use at over 200 colleges and universities, Cognition: Exploring the Science of the Mind is one of the premier textbooks in the field. This exciting text challenges students to explore core concepts in cognitive psychology by focusing on the ideas behind the research, asking "Why is it important?" and "What does it really mean?" Professor Reisberg's unique approach draws on examples from a wide range of disciplines, including biology, linguistics, political science, economics, and philosophy, among others, and clearly demonstrates the real-world implications of theoretical issues.
650 0 _aCognitive psychology
_910036
650 0 _aPsychology
_910056
942 _cBK
999 _c10054
_d10054